000 00727cab a2200253 4500
001 ABS55427
008 090401t1996 xxu||||| |||| 00| 0 eng d
035 _a(Sirsi) u16354
041 _aeng
245 _aAlternative land use
260 _c1996
300 _aLOAN
350 _a0
490 _aFarm Development Review
_v10(8) June 1996, (8)
520 _aArticles of interest to farmers. Covers alpacas farming, golf courses, direct mail for tourism, fish ranching and business accommodation initiatives.
650 _aALPACAS FARMS
650 _aDIRECT MAIL
650 _aFARM HOLIDAYS
650 _aFISH FARMING
650 _aGOLF COURSES
690 _aRURAL PRACTICE
942 _n0
948 _c04/03/1997
999 _c10756
_d10756